MARC details
| 000 -LEADER |
| campo de control de longitud fija |
02982nam a2200397 i 4500 |
| 001 - NÚMERO DE CONTROL |
| campo de control |
193289 |
| 003 - IDENTIFICADOR DE NÚMERO DE CONTROL |
| campo de control |
SpMaBN |
| 005 - FECHA Y HORA DE LA ÚLTIMA TRANSACCIÓN |
| campo de control |
20250712063136.0 |
| 007 - CAMPO FIJO DE DESCRIPCIÓN FÍSICA--INFORMACIÓN GENERAL |
| campo de control de longitud fija |
ta |
| 008 - DATOS DE LONGITUD FIJA--INFORMACIÓN GENERAL |
| campo de control de longitud fija |
160407s2016 sp | |||| 000 j spa |
| 017 ## - NÚMERO DE COPYRIGHT O DE DEPÓSITO LEGAL |
| Número de copyright o de depósito legal |
M 6749-2016 |
| Agencia que asigna |
Oficina Depósito Legal Madrid |
| 020 ## - NÚMERO INTERNACIONAL ESTÁNDAR DEL LIBRO |
| Número Internacional Estándar del Libro |
9788499464244 |
| 035 ## - NÚMERO DE CONTROL DEL SISTEMA |
| Número de control de sistema |
(OCoLC)948786122 |
| 035 ## - NÚMERO DE CONTROL DEL SISTEMA |
| Número de control de sistema |
a5781020 |
| 040 ## - FUENTE DE CATALOGACIÓN |
| Centro catalogador/agencia de origen |
SpMaBN |
| Lengua de catalogación |
spa |
| Centro/agencia transcriptor |
SpMaBN |
| Normas de descripción |
rdc |
| 080 ## - NÚMERO DE LA CLASIFICACIÓN DECIMAL UNIVERSAL |
| Número de la Clasificación Decimal Universal |
821.134.2-32"19" |
| 100 1# - ENTRADA PRINCIPAL--NOMBRE DE PERSONA |
| Nombre de persona |
Benítez, Jesús, |
| Fechas asociadas al nombre |
1957- |
| Relación |
aut |
| Número de control del registro de autoridad o número normalizado |
XX4581806 |
| 9 (RLIN) |
234283 |
| Término indicativo de función/relación |
Autor |
| 245 10 - MENCIÓN DEL TÍTULO |
| Título |
Pueblo Paraíso y otros relatos / |
| Mención de responsabilidad, etc. |
Jesús Benítez Benítez ; [prólogo, Aurelio de Prada García] |
| 250 ## - MENCION DE EDICION |
| Mención de edición |
Primera edición, marzo de 2016 |
| 260 ## - PUBLICACIÓN, DISTRIBUCIÓN, ETC. |
| Lugar de publicación, distribución, etc. |
Madrid : |
| Nombre del editor, distribuidor, etc. |
Edición Personal, |
| Fecha de publicación, distribución, etc. |
2016 |
| 300 ## - DESCRIPCIÓN FÍSICA |
| Extensión |
185 páginas ; |
| Dimensiones |
21 cm |
| 336 ## - TIPO DE CONTENIDO |
| Término de tipo de contenido |
Texto (visual) |
| Fuente |
isbdcontent |
| 337 ## - TIPO DE MEDIO |
| Nombre/término del tipo de medio |
sin mediación |
| Fuente |
isbdmedia |
| 338 ## - TIPO DE SOPORTE |
| Fuente |
rdacarrier |
| Nombre/término del tipo de soporte |
volumen |
| 505 0# - NOTA DE CONTENIDO CON FORMATO |
| Nota de contenido con formato |
Pueblo Paraíso, el encuentro de una vida, otra vez ; Sandro y el pueblo alto ; Entrevistas con el loco más cuerdo del mundo |
| 520 ## - RESUMEN, ETC. |
| Sumario, etc. |
El libro que tienes entre las manos está compuesto por tres relatos diferentes. En el primero, titulado Pueblo paraíso, se hace un recorrido, sobre una base biográfica y emotiva, de la España vivida desde los años 60 hasta los años 80, en el que se describe una experiencia sensitiva y razonada de la adolescencia y de la juventud en el ambiente de un hermoso pueblo de Salamanca, Alba de Tormes. Se descubre una realidad generacional que es el fundamento de la realidad presente.<br/>En el segundo, titulado Sandro y el pueblo alto, la narración se aproxima más hacia el cuento y nace, avanza y concluye en el denominado realismo mágico. Se hace una descripción crítica del mundo y una proclama en favor de la libertad.<br/>En el tercero, titulado Entrevistas al loco más cuerdo del mundo, el relato se desarrolla por una línea argumental policiaca y negra, sobre un fundamento psicológico, con el objetivo de valorar el comportamiento humano ante lo imprevisible, con un tono de humor y de debate social.<br/>Con estas tres obras tan distintas, el autor pretende proporcionar moralejas y realiza un estudio humano, con técnicas independientes, caminando por el pasado, el presente y el futuro; presenta una visión literaria y reflexiva del ser humano que apuesta de modo decidido por la aventura, la esperanza, la razón y, sobre todo, por la imaginación. |
| 655 #4 - TERMINO DE INDIZACIÓN--GENERO/FORMA |
| 9 (RLIN) |
226829 |
| Datos o término principal de género/forma |
Cuentos |
| 700 1# - ENTRADA AGREGADA--NOMBRE PERSONAL |
| 9 (RLIN) |
234416 |
| Nombre de persona |
Prada García, Aurelio de |
| Término indicativo de función/relación |
Autor de introducción |
| 852 ## - LOCALIZACIÓN |
| Ubicación |
ES-MaACL |
| Sublocalización o colección |
R. 154693 |
| Ubicación en estantería |
Depósito J |
| Número de control de estantería |
N-9467 |
| Anotaciones manuscritas |
Dedicatoria autógrafa del autor |
| Donativo/Legado |
Donación: Jesús Benítez |
| itemnumber |
200728 |
| Encuadernación |
Encuadernación rústica con solapas |
| 903 ## - NOMBRE PERSONAL DE DONANTE |
| 9 |
234283 |
| a |
Benítez, Jesús, |
| d |
1957- |
| e |
Donante |
| 942 ## - ELEMENTOS DE ENTRADA SECUNDARIOS (KOHA) |
| Suprimir en OPAC |
No |
| Tipo de ítem Koha |
Libro impreso |